000 00674nam a22002177a 4500
003 OSt
005 20260512150353.0
008 160506t2024 my ||||| |||| 00| 0 eng d
020 _a9781292448985
040 _aMILA Library
_beng
_cMILA Library
_dMILa_ain
050 0 0 _aHF5667
_b.A69 2024
100 1 _aArens, Alvin A.
245 1 0 _aAuditing and assurance services :
_ban integrated approach /
_cAlvin A. Arens, Randal J. Elder, Mark S. Beasley, Chris E. Hogan.
250 _a18th ed.
260 1 _aBoston :
_bPearson,
_c2024.
300 _a896 p.;
_bill:
_c28 cm
500 _aIncludes index.
700 1 _aElder, Randal J.
700 1 _aBeasley, Mark S.
942 _2lcc
_cBK
999 _c2660
_d2660